00993 2200313 4500001002100000005001500021035002000036007000300056008004100059020002200100040002200122082001500144084001700159090002200176100003100198245010500229250003300334300005300367650002600420700003500446850001200481504003400493264003400527336002100561337003000582338002300612999002200635990002200657INLIS00000000089560420250428032153 a0010-0425000853ta250428s2025 yoi g ind d a978-623-8085-21-7 aYOPDYOGbinderda04223a297.81 a297.81 MIF a aCB-D.11 2025-05270 aMiftakhul MunifePengarang10aAswaja Nahdliyyah :bfikrah, amaliyah, dan harakah /cMiftakhul Munif; Penyunting, Moh. Wahib Asnawi aCetakan pertama : Maret 2025 axii, 198 halaman :btidak ada ilustrasi ;c20 cm 4aAhlussunah waljama'ah1 aWahib Asnawi, Moh.ePenyunting aYOPDYOG aBibliografi : halaman 172-17634aBantul :bGlobal press,c2025 2rdacontentateks 2rdamediaatanpa perantara 2rdacarrieravolume aCB-D.11/2025-0527 aCB-D.11/2025-0527